000 00189 a2200097 4500
001 126819
040 _cEscola Canadense de Niteroi
090 _aMP
245 1 0 _aJogo RĂ¡pido
942 _cMATP
999 _c126819
_d126819